De quel jeu vidéo vient cette carte ? - Statistiques

Statistiques générales
  • Ce quiz a été pris 278 fois
    63 depuis la dernière actualisation
  • Le résultat moyen est 9 sur 20
Statistiques - réponses
Par images Réponse % Correct
Grand Theft Auto V
94%
Fortnite
90%
Among Us
87%
League of Legends
79%
PUBG: Battlegrounds
65%
Sea of Thieves
65%
The Legend of Zelda: Breath of the Wild
60%
Red Dead Redemption 2
52%
The Elder Scrolls V: Skyrim
52%
Call of Duty: Warzone
50%
Cyberpunk 2077
50%
World of Warcraft
48%
Elden Ring
33%
Marvel's Spider-Man 2
33%
Watch Dogs 2
29%
Ghost of Tsushima
21%
Horizon Zero Dawn
15%
DayZ
8%
The Forest
8%
Tom Clancy's Ghost Recon Wildlands
4%
Aucun quiz correspondant
Distribution des résultats
% des personnes avec chaque résultat
Percentile par nombre de réponses
Votre historique - résultats
Vous n’avez pas pris ce quiz depuis la dernière actualisation